000
00338 a2200157 4500
001
72454
020
_a
040
_c
Anchieta - Colégio São Paulo
100
_a
Diniz, Antonio Luiz
240
1
0
_a
Visão Inocente
_l
por
245
1
0
_a
Visão Inocente
300
_a
134
362
0
_a
2002
650
4
_a
Literatura juvenil
942
_c
BK
999
_c
72454
_d
72454